[Event "Mechanics' Summer TNM; 30/90, SD/30"]
[Site "San Francisco"]
[Date "2012.06.12"]
[Round "4.27"]
[White "Frank, Robert"]
[Black "Brown, Charles"]
[Result "0-1"]
[WhiteElo "1361"]
[BlackElo "1219"]
[PlyCount "36"]
[EventDate "2012.??.??"]

1. d4 d5 2. Nf3 Nf6 3. e3 c5 4. c3 e6 5. Bd3 Nbd7 6. Nbd2 Be7 7. e4 dxe4 8.
Nxe4 cxd4 9. Nxd4 O-O 10. O-O a6 11. Bf4 $4 e5 12. Nxf6+ Bxf6 13. Bxh7+ Kxh7
14. Qh5+ Kg8 15. Rad1 exf4 16. Rd3 Ne5 17. Rfd1 Nxd3 18. Rxd3 g6 0-1

[Event "Mechanics' Spring TNM; 30/90, SD/30"]
[Site "San Francisco"]
[Date "2012.04.10"]
[Round "5.23"]
[White "Frank, Robert"]
[Black "Chadwick, Richard"]
[Result "0-1"]
[WhiteElo "1334"]
[BlackElo "1600"]
[PlyCount "110"]
[EventDate "2012.??.??"]

1. d4 d5 2. Nf3 Nf6 3. e3 e6 4. Bd3 Be7 5. Nbd2 Nbd7 6. e4 dxe4 7. Nxe4 c5 8.
O-O O-O 9. c3 Nxe4 10. Bxe4 Nf6 11. Bd3 b6 12. Qe2 Bb7 13. Rd1 Qc7 14. dxc5
Bxc5 15. b4 Bd6 16. h3 Bxf3 17. Qxf3 Be5 18. Bb2 Rac8 19. Rac1 Qe7 20. Qe3 Bb8
21. a3 Nd5 22. Bxh7+ Kxh7 23. Rxd5 Qf6 24. Rh5+ Kg8 25. Qg5 Qxg5 26. Rxg5 Bf4
27. Rg3 Bxg3 28. fxg3 Rc4 29. Kf2 Rd8 30. Ke2 f5 31. a4 Re4+ 32. Kf1 Rd2 33.
Ba1 Ra2 34. Rb1 Rxa4 35. Bb2 b5 36. Kf2 Kf7 37. Kf3 Ra6 38. g4 g6 39. gxf5 exf5
40. g4 Rae6 41. Kg3 fxg4 42. hxg4 Rc4 43. Rf1+ Ke7 44. Rf4 Re3+ 45. Rf3 Rxf3+
46. Kxf3 Kf6 47. Kg3 Kf7 48. Kh4 Re4 49. Kg5 a6 50. Bc1 Re5+ 51. Kh4 Kf6 52.
Bb2 Re2 53. Ba3 Rc2 54. Kg3 Kf7 55. Kf4 Rxc3 0-1

[Event "Mechanics' Summer TNM; 30/90, SD/30"]
[Site "San Francisco"]
[Date "2012.05.22"]
[Round "1.23"]
[White "Frank, Robert"]
[Black "Chernobilskiy, Mikhail"]
[Result "0-1"]
[WhiteElo "1361"]
[BlackElo "1855"]
[PlyCount "62"]
[EventDate "2012.??.??"]

1. d4 f5 2. Nf3 Nf6 3. c4 g6 4. g3 Bg7 5. Bg2 O-O 6. O-O d6 7. Nc3 Qe8 8. Qb3
c6 9. d5 c5 10. Nd2 Na6 11. e4 Rb8 12. exf5 Bxf5 13. Nce4 b5 14. Nxf6+ Bxf6 15.
Be4 Bg4 16. Bf3 Bd7 17. Qc2 Nb4 18. Qb3 bxc4 19. Nxc4 Ba4 20. Qe3 Nc2 21. Qe6+
Kg7 22. Rb1 Bd7 23. Qe2 Nd4 24. Qe3 Bg5 25. Qc3 Rxf3 26. Be3 Bf6 27. Kg2 Qf7
28. Qd2 Qxd5 29. Bh6+ Kg8 30. Ne3 Rxg3+ 31. Kxg3 Qf3# 0-1

[Event "Mechanics' Spring TNM; 30/90, SD/30"]
[Site "San Francisco"]
[Date "2012.05.01"]
[Round "8.30"]
[White "Frank, Robert"]
[Black "Cowgill, Jackie"]
[Result "0-1"]
[WhiteElo "1334"]
[BlackElo "822"]
[PlyCount "90"]
[EventDate "2012.??.??"]

1. d4 d5 2. Nf3 Nf6 3. e3 e6 4. Bd3 c5 5. c3 cxd4 6. cxd4 Bd6 7. Nbd2 O-O 8. e4
Bb4 9. O-O Bxd2 10. Nxd2 dxe4 11. Nxe4 Nbd7 12. Bg5 Qb6 13. Nxf6+ Nxf6 14. Bxf6
gxf6 15. Qd2 Bd7 16. Qh6 f5 17. Qg5+ Kh8 18. Qf6+ Kg8 19. b3 Bb5 20. Rfd1 Bc6
21. h4 Qd8 22. Qxd8 Raxd8 23. Be2 Bd5 24. Rd3 h6 25. Rg3+ Kh7 26. Rd1 a6 27.
Bf3 b5 28. Bxd5 Rxd5 29. f4 Rg8 30. Rc3 b4 31. Rc7 Kg7 32. Rc5 Kf6 33. Rxd5
exd5 34. Kf2 Kg6 35. g3 Kh5 36. Kf3 Rc8 37. Ke2 Rc2+ 38. Rd2 Rxd2+ 39. Kxd2 Kg4
40. a4 bxa3 41. Kc2 Kxg3 42. b4 Kxf4 43. Kb3 a2 44. Kxa2 Ke4 45. Ka3 f4 0-1

[Event "Mechanics' Mar TNM; 30/90, SD/30"]
[Site "San Francisco"]
[Date "2012.09.11"]
[Round "7.23"]
[White "Frank, Robert"]
[Black "Delaney, Will"]
[Result "0-1"]
[WhiteElo "1313"]
[BlackElo "1800"]
[PlyCount "92"]
[EventDate "2012.??.??"]

1. d4 Nf6 2. Nf3 e6 3. e3 d5 4. Bd3 Nbd7 5. Nbd2 Bd6 6. e4 dxe4 7. Nxe4 Nxe4 8.
Bxe4 Nf6 9. Bd3 O-O 10. O-O c5 11. c3 Qc7 12. h3 b6 13. Bg5 Nd5 14. c4 Nf4 15.
Bxf4 Bxf4 16. dxc5 Qxc5 17. b3 Bb7 18. Re1 Rad8 19. Qe2 Rd7 20. Rad1 Rfd8 21.
Bc2 Qh5 22. Rxd7 Rxd7 23. Ne5 $2 Qxe5 24. Qxe5 Bxe5 25. Rxe5 Rd2 26. Be4 Bxe4
27. Rxe4 Rxa2 28. g3 Kf8 29. h4 Ke7 30. Rd4 Rb2 31. Rd3 f5 32. Kg2 h5 33. Kf3
e5 34. Kg2 e4 35. Re3 Ke6 36. Kf1 Ke5 37. Kg2 Kd4 38. Kf1 a5 39. Kg2 Kc5 40.
Kf1 g6 41. Ke1 Kb4 42. Kf1 Rxb3 43. Rxb3+ Kxb3 44. Ke1 a4 45. Kd1 a3 46. Kc1 a2
0-1

[Event "Mechanics' Mar TNM; 30/90, SD/30"]
[Site "San Francisco"]
[Date "2012.08.21"]
[Round "4.31"]
[White "Frank, Robert"]
[Black "Hartsough, Chester"]
[Result "1-0"]
[WhiteElo "1313"]
[BlackElo "997"]
[PlyCount "57"]
[EventDate "2012.??.??"]

1. d4 d5 2. Nf3 Nc6 3. e3 Nf6 4. c4 e6 5. Nc3 Bb4 6. a3 Be7 7. cxd5 Nxd5 8. Bd3
g6 9. O-O a5 10. Bb5 Qd6 11. Ne4 Qd8 12. Ne5 Bd7 13. Qa4 Nxe5 14. dxe5 c6 15.
Be2 Qc7 16. f4 b5 17. Qd1 Qb6 18. Qd2 c5 19. Nc3 c4 20. Nxd5 exd5 21. Bf3 Bc6
22. Bxd5 Rd8 23. Bxc6+ Qxc6 24. Qxa5 g5 25. Qe1 Rg8 26. Qg3 Kf8 27. Qf3 Qh6 28.
fxg5 Qxg5 29. Qxf7# 1-0

[Event "Mechanics' Summer TNM; 30/90, SD/30"]
[Site "San Francisco"]
[Date "2012.07.03"]
[Round "7.25"]
[White "Frank, Robert"]
[Black "Mar, Henry"]
[Result "0-1"]
[WhiteElo "1361"]
[BlackElo "1505"]
[Annotator "Donaldson"]
[PlyCount "54"]
[EventDate "2012.??.??"]

1. d4 Nf6 2. Nf3 g6 3. g3 Bg7 4. Bg2 c6 5. O-O O-O 6. b3 d5 7. Bb2 Bf5 8. c4
Nbd7 9. Nc3 Re8 10. cxd5 cxd5 11. Re1 a6 12. Nh4 Be6 13. e4 Qb6 14. e5 Ng4 15.
Nxd5 Bxd5 16. Qxg4 Be6 17. Qd1 Rad8 18. f4 f6 19. Nf3 Bd5 20. Qe2 e6 21. Kh1
Rc8 22. Rac1 Rc6 23. Rxc6 bxc6 24. Nd2 Bxg2+ 25. Qxg2 Qb7 26. Nc4 Bf8 27. Na5
$4 Qb4 0-1

[Event "Mechanics' Fall TNM; 30/90, SD/30"]
[Site "San Francisco"]
[Date "2012.12.04"]
[Round "8.25"]
[White "Frank, Robert"]
[Black "Olson, David"]
[Result "0-1"]
[WhiteElo "1263"]
[BlackElo "1529"]
[PlyCount "70"]
[EventDate "2012.??.??"]

1. d4 Nf6 2. Nf3 e6 3. e3 Nc6 4. Bd3 b6 5. Nbd2 Bb7 6. O-O Nb4 7. a3 Nxd3 8.
cxd3 c5 9. b4 Be7 10. dxc5 bxc5 11. bxc5 Bxc5 12. d4 Bb6 13. a4 Rc8 14. Rb1 O-O
15. a5 Bxf3 16. Nxf3 Bxa5 17. Ba3 Re8 18. Qa4 Ne4 19. Rbc1 Nc3 20. Qc2 h6 21.
Qd3 Qb6 22. Bc5 Qc7 23. Rxc3 Bxc3 24. Qxc3 d6 25. Bb4 Qxc3 26. Bxc3 Rxc3 27. g4
f5 28. h3 f4 29. Re1 fxe3 30. fxe3 a5 31. Nd2 a4 32. Ne4 Rc6 33. Ra1 Ra8 34.
Kf2 a3 35. Ra2 Rb6 0-1

[Event "Mechanics' Winter TNM; 30/90, SD/30"]
[Site "San Francisco"]
[Date "2012.01.03"]
[Round "1.14"]
[White "Frank, Robert"]
[Black "Royzen, Igor"]
[Result "0-1"]
[WhiteElo "1360"]
[BlackElo "1828"]
[PlyCount "110"]
[EventDate "2012.??.??"]

1. d4 Nf6 2. Nf3 g6 3. g3 Bg7 4. Bg2 O-O 5. O-O d6 6. Re1 c5 7. dxc5 dxc5 8.
Nbd2 Nc6 9. e4 Be6 10. Ng5 Bg4 11. f3 Bd7 12. e5 Ne8 13. f4 h6 14. Ngf3 Nc7 15.
a4 Be6 16. c4 Na6 17. b3 Nab4 18. Ba3 Bf5 19. Ne4 Qxd1 20. Raxd1 Nc2 21. Re2
Bxe4 22. Rxe4 Nxa3 23. Re2 Rfd8 24. Ra1 Nxc4 25. bxc4 b6 26. Nd2 Rac8 27. Bf3
Nd4 28. Rf2 Nxf3+ 29. Nxf3 Rd3 30. Nd2 Rcd8 31. Ra2 Rc3 32. Kf1 Rdd3 33. a5 Ra3
34. Rxa3 Rxa3 35. axb6 axb6 36. Rf3 Rxf3+ 37. Nxf3 Kf8 38. Ke2 Ke8 39. Kd3 Kd7
40. Ke4 Kc6 41. h4 e6 42. g4 b5 43. Kd3 f5 44. exf6 Bxf6 45. g5 Bg7 46. Ne5+
Bxe5 47. fxe5 hxg5 48. hxg5 bxc4+ 49. Kxc4 Kb6 50. Kb3 Kb5 51. Kc3 c4 52. Kc2
Kb4 53. Kb2 c3+ 54. Kc2 Kc4 55. Kd1 Kd4 0-1

[Event "Mechanics' Mar TNM; 30/90, SD/30"]
[Site "San Francisco"]
[Date "2012.07.31"]
[Round "1.17"]
[White "Frank, Robert"]
[Black "Steger, Eric"]
[Result "0-1"]
[WhiteElo "1313"]
[BlackElo "1888"]
[PlyCount "66"]
[EventDate "2012.??.??"]

1. d4 Nf6 2. Nf3 g6 3. g3 Bg7 4. Bg2 d5 5. O-O O-O 6. Re1 Bf5 7. Bd2 Nbd7 8. h3
c5 9. Bc3 Be4 10. dxc5 Nxc5 11. Ne5 Bxg2 12. Kxg2 Re8 13. b4 Na4 14. Nf3 Nxc3
15. Nxc3 Ne4 16. Qxd5 Nxc3 17. Qxb7 Qb6 18. Qxb6 axb6 19. a3 Ra4 20. e4 Rea8
21. e5 e6 22. Re3 Nd5 23. Rb3 b5 24. c3 Nb6 25. g4 Nc4 26. Nd4 Bxe5 27. Nxb5
Rd8 28. Ra2 Rd5 29. Nd4 Bxd4 30. cxd4 Nd6 31. Rd3 Nb5 32. Kf1 e5 33. Ke2 exd4
0-1

[Event "Mechanics' Fall TNM; 30/90, SD/30"]
[Site "San Francisco"]
[Date "2012.11.06"]
[Round "4.17"]
[White "Frank, Robert"]
[Black "Yamamoto, Craig"]
[Result "1-0"]
[WhiteElo "1263"]
[BlackElo "1720"]
[PlyCount "137"]
[EventDate "2012.??.??"]

1. d4 d5 2. Nf3 Nf6 3. e3 e6 4. Bd3 c5 5. c3 Be7 6. Nbd2 Nbd7 7. e4 dxe4 8.
Nxe4 Nxe4 9. Bxe4 Nf6 10. Bd3 cxd4 11. Nxd4 Bd7 12. Bf4 Nd5 13. Bg3 Bf6 14. Be4
Ne7 15. Bxb7 Rb8 16. Bxb8 Qxb8 17. Qf3 Qe5+ 18. Qe3 Qxe3+ 19. fxe3 O-O 20. O-O
Rb8 21. Bf3 Rxb2 22. Rfc1 Rb6 23. Re1 e5 24. Ne2 Be6 25. e4 Bg5 26. Kh1 Bc4 27.
Red1 Ng6 28. g3 h6 29. h4 Bf6 30. h5 Nf8 31. g4 Bg5 32. Ng3 g6 33. Be2 Be6 34.
c4 Rb2 35. Rdb1 Rc2 36. Rb4 Bd2 37. Bd3 Bxb4 38. Bxc2 Bxc4 39. Bb3 Bxb3 40.
axb3 a5 41. Nf1 Ne6 42. hxg6 fxg6 43. Ne3 Nd4 44. Rb1 Nf3 45. Nc4 Kg7 46. Kg2
Ng5 47. Ra1 Nxe4 48. Nxa5 Kf6 49. Nc4 Nc5 50. Rb1 e4 51. Kf2 Kg5 52. Kg3 Nd3
53. Ne3 Bd6+ 54. Kh3 Nf2+ 55. Kg2 Nxg4 56. Nxg4 Kxg4 57. b4 e3 58. b5 Kf4 59.
b6 h5 60. b7 Bb8 61. Rb4+ Kf5 62. Kf3 g5 63. Kxe3 g4 64. Rb5+ Kg6 65. Rd5 h4
66. Rd8 Bc7 67. b8=Q Bxb8 68. Rxb8 h3 69. Kf4 1-0

[Event "Mechanics' Mar TNM; 30/90, SD/30"]
[Site "San Francisco"]
[Date "2012.09.11"]
[Round "7.27"]
[White "Frazee, David"]
[Black "James, Charles"]
[Result "1-0"]
[WhiteElo "1409"]
[BlackElo "1482"]
[PlyCount "41"]
[EventDate "2012.??.??"]

1. e4 e6 2. d4 d5 3. Nc3 Bb4 4. e5 c5 5. a3 cxd4 6. axb4 dxc3 7. Qg4 Ne7 8.
Qxg7 Rg8 9. Qxh7 Qc7 10. Nf3 Nbc6 11. Bb5 Bd7 12. Bxc6 Bxc6 13. bxc3 Bb5 14.
Bd2 a6 15. Qh5 O-O-O 16. Qxf7 Rg6 17. h4 d4 18. Nxd4 Qxe5+ 19. Be3 Rg7 20.
Qxe6+ Qxe6 21. Nxe6 1-0

[Event "Mechanics' Mar TNM; 30/90, SD/30"]
[Site "San Francisco"]
[Date "2012.09.25"]
[Round "9.22"]
[White "Frazee, David"]
[Black "Rakonitz, David"]
[Result "1-0"]
[WhiteElo "1409"]
[BlackElo "1495"]
[PlyCount "61"]
[EventDate "2012.??.??"]

1. e4 e6 2. d4 d5 3. Nc3 dxe4 4. Nxe4 Nd7 5. Bf4 Ngf6 6. Nc3 Bb4 7. Qd3 Nd5 8.
Bd2 N7f6 9. Nf3 O-O 10. a3 Be7 11. Be2 b6 12. O-O-O Bb7 13. h4 Nxc3 14. Bxc3
Ne4 15. Qe3 Rc8 16. h5 Nxc3 17. Qxc3 Bg5+ 18. Kb1 Qe7 19. Nxg5 Qxg5 20. Bf3
Bxf3 21. gxf3 h6 22. Rdg1 Qd5 23. Qe3 Kh8 24. Rh4 e5 25. c3 exd4 26. cxd4 Qf5+
27. Ka1 Qc2 28. Rhg4 Rg8 29. Rxg7 Rxg7 30. Qxh6+ Rh7 $4 (30... Qh7 $19) 31.
Qf6+ 1-0

[Event "Mechanics' Mar TNM; 30/90, SD/30"]
[Site "San Francisco"]
[Date "2012.08.07"]
[Round "2.2"]
[White "Fuentes, Romulo"]
[Black "Anderson, Michael"]
[Result "1-0"]
[WhiteElo "2205"]
[BlackElo "1905"]
[PlyCount "97"]
[EventDate "2012.??.??"]

1. e4 e6 2. d4 d5 3. e5 c5 4. c3 Qb6 5. Nf3 Nc6 6. a3 c4 7. Nbd2 Na5 8. g3 Bd7
9. Bg2 Ne7 10. O-O Qc7 11. Ng5 h6 12. Nh3 Nc8 13. Rb1 Nb6 14. Nf4 Ba4 15. Qg4
Bc2 16. Ra1 g6 17. h4 h5 18. Qe2 Bf5 19. Re1 Bh6 20. Nh3 O-O-O 21. f4 Rde8 22.
Nf2 Bg7 23. Bh3 f6 24. Bxf5 gxf5 25. Nf3 Nb3 26. Rb1 Nd7 27. Be3 Reg8 28. Kh2
Nf8 29. Nh3 fxe5 30. dxe5 b6 31. Nhg5 Bh6 32. Bd4 Bxg5 33. Nxg5 Rg6 34. Rbd1
Qg7 35. Bf2 Nd7 36. Qf3 Ndc5 37. Bxc5 Nxc5 38. Rg1 Ne4 39. Qe3 Qd7 40. Rg2 Nc5
41. Rgd2 Qc6 42. Nf3 Rhg8 43. Ng5 Ne4 44. Rd4 Nc5 45. Qe2 Nb3 46. Qxh5 Nxd4 47.
Rxd4 Qc5 48. Qe2 R8g7 49. Rd1 {Black lost on time} 1-0

[Event "Mechanics' Fall TNM; 30/90, SD/30"]
[Site "San Francisco"]
[Date "2012.12.11"]
[Round "9.1"]
[White "Fuentes, Romulo"]
[Black "Byambaa, Uyanga"]
[Result "1/2-1/2"]
[WhiteElo "2217"]
[BlackElo "2093"]
[PlyCount "97"]
[EventDate "2012.??.??"]

1. e4 c5 2. Nf3 Nc6 3. d4 cxd4 4. Nxd4 Nf6 5. Nc3 e5 6. Ndb5 d6 7. Bg5 a6 8.
Bxf6 gxf6 9. Na3 b5 10. Nd5 f5 11. Nxb5 axb5 12. Bxb5 Bd7 13. exf5 Bg7 14. O-O
O-O 15. Qg4 Kh8 16. Qe4 f6 17. a4 Rb8 18. c3 Ne7 19. Nxe7 Qxe7 20. c4 d5 21.
Qxd5 Bxf5 22. c5 Rfd8 23. Qf3 Be6 24. c6 f5 25. Rac1 Rbc8 26. Rfd1 Bh6 27.
Rxd8+ Rxd8 28. Rd1 e4 29. Rxd8+ Qxd8 30. Qe2 Qd2 31. Qxd2 Bxd2 32. Ba6 Bf4 33.
g3 Bc7 34. Kf1 Kg7 35. Ke2 Kf6 36. b4 Ke5 37. f3 exf3+ 38. Kxf3 Bd5+ 39. Ke2
Bxc6 40. a5 Bd5 41. Bd3 Be4 42. Ba6 Kd4 43. Bc8 Kc4 44. Ke3 h5 45. a6 Kxb4 46.
a7 Bb6+ 47. Kf4 Bxa7 48. Bxf5 Bxf5 49. Kxf5 1/2-1/2

[Event "Mechanics' Spring TNM; 30/90, SD/30"]
[Site "San Francisco"]
[Date "2012.03.27"]
[Round "3.7"]
[White "Fuentes, Romulo"]
[Black "Delmonico, Nils"]
[Result "1-0"]
[WhiteElo "2205"]
[BlackElo "1908"]
[PlyCount "81"]
[EventDate "2012.??.??"]

1. e4 c5 2. Nf3 e6 3. d4 cxd4 4. Nxd4 a6 5. Bd3 Bc5 6. c3 Nc6 7. Nxc6 dxc6 8.
O-O e5 9. Qe2 Nf6 10. h3 O-O 11. Bg5 Be7 12. Nd2 Nd7 13. Be3 Bc5 14. b4 Bxe3
15. Qxe3 Qb6 16. Qg3 Qc7 17. Nc4 b5 18. Ne3 Nb6 19. Bc2 Be6 20. Bb3 Rfe8 21. h4
Nc4 22. Bxc4 Bxc4 23. Nxc4 bxc4 24. Qe3 Qe7 25. g3 Reb8 26. Rfd1 a5 27. bxa5
Rxa5 28. Rd2 Rba8 29. Qb6 R5a6 30. Qe3 Ra3 31. Rb2 h6 32. Kg2 Qa7 33. Qd2 Rb8
34. Rab1 Rxb2 35. Rxb2 Kh7 36. h5 Qa5 37. Qd7 Qa8 38. Qf5+ Kg8 39. Qxe5 Ra5 40.
Rb8+ Kh7 41. Qe8 1-0

[Event "Mechanics' Winter TNM; 30/90, SD/30"]
[Site "San Francisco"]
[Date "2012.01.10"]
[Round "2.11"]
[White "Fuentes, Romulo"]
[Black "Dembling, Arthur"]
[Result "1-0"]
[WhiteElo "2218"]
[BlackElo "1562"]
[PlyCount "87"]
[EventDate "2012.??.??"]

1. e4 e6 2. d4 d5 3. e5 c5 4. c3 Nc6 5. Nf3 Bd7 6. a3 Qb6 7. b4 cxd4 8. cxd4
Nge7 9. b5 Na5 10. Nc3 Nc4 11. Bxc4 dxc4 12. O-O Nf5 13. Ne4 Be7 14. a4 O-O 15.
g4 Nh6 16. Bxh6 gxh6 17. Qc1 f5 18. exf6 Bxf6 19. Nxf6+ Rxf6 20. Qe3 Raf8 21.
Ne5 Be8 22. Rac1 Qd6 23. Rxc4 a6 24. bxa6 bxa6 25. f3 Rf4 26. Rd1 Qd5 27. Rc5
Qa2 28. a5 Bb5 29. Re1 Qa4 30. Nc6 Bxc6 31. Qxe6+ R8f7 32. Rxc6 Qxd4+ 33. Qe3
Qd5 34. Rc8+ Kg7 35. Qc3+ Qd4+ 36. Qxd4+ Rxd4 37. Ree8 Rd5 38. Rg8+ Kf6 39.
Rc6+ Ke5 40. Re8+ Kf4 41. Kf2 Rxa5 42. Re4+ Kg5 43. h4+ Kxh4 44. Rxh6+ 1-0

[Event "Mechanics' Mar TNM; 30/90, SD/30"]
[Site "San Francisco"]
[Date "2012.09.04"]
[Round "6.2"]
[White "Fuentes, Romulo"]
[Black "Gaffagan, Steven"]
[Result "1-0"]
[WhiteElo "2205"]
[BlackElo "2062"]
[PlyCount "91"]
[EventDate "2012.??.??"]

1. e4 c6 2. d4 d5 3. e5 Bf5 4. Nc3 Qb6 5. h4 Na6 6. g4 Bd7 7. f4 e6 8. Nf3 Ne7
9. Na4 Qa5+ 10. c3 Qc7 11. Bxa6 bxa6 12. h5 Nc8 13. Qd3 c5 14. Nxc5 Bxc5 15.
dxc5 Qxc5 16. Be3 Qb5 17. Qc2 Rb8 18. b3 a5 19. Kf2 a4 20. b4 Qc4 21. Nd2 Qa6
22. Bc5 Bb5 23. Rh3 Ne7 24. Re1 Rc8 25. Nf3 Rc7 26. Qd2 Qc8 27. Qe3 Bd7 28. Ng5
h6 29. Nf3 a5 30. Nd4 Rxc5 31. bxc5 Qxc5 32. Nf5 Qxe3+ 33. Nxe3 O-O 34. Rb1 Nc6
35. Rb7 Be8 36. Rh1 f6 37. exf6 Rxf6 38. Kg3 d4 39. cxd4 Nxd4 40. Rb8 Rf8 41.
Re1 Kf7 42. Nc4 Ke7 43. Re4 Nc6 44. Ra8 Nb4 45. f5 Bd7 46. Rxf8 1-0

[Event "Mechanics' Fall TNM; 30/90, SD/30"]
[Site "San Francisco"]
[Date "2012.10.30"]
[Round "3.2"]
[White "Fuentes, Romulo"]
[Black "Grey, Peter"]
[Result "1-0"]
[WhiteElo "2217"]
[BlackElo "2000"]
[PlyCount "77"]
[EventDate "2012.??.??"]

1. d4 Nf6 2. Nf3 g6 3. Nc3 d5 4. Bf4 Bg7 5. Qd2 Ne4 6. Nxe4 dxe4 7. Ne5 c5 8.
e3 O-O 9. O-O-O Nc6 10. Nxc6 bxc6 11. dxc5 Bg4 12. Qxd8 Raxd8 13. Rxd8 Rxd8 14.
Bc4 Kf8 15. h3 Bc8 16. c3 e5 17. Bg3 Ke7 18. Rd1 Rxd1+ 19. Kxd1 Be6 20. Bxe6
Kxe6 21. Kc2 Kd5 22. b4 Kc4 23. Bh4 f6 24. f3 exf3 25. gxf3 g5 26. Bf2 f5 27.
e4 fxe4 28. fxe4 h5 29. a4 Bf8 30. Bg3 a5 31. Bxe5 axb4 32. cxb4 Kxb4 33. Bd6
Bg7 34. Kd3 g4 35. hxg4 hxg4 36. Ke3 Kxa4 37. e5 Bh6+ 38. Kf2 Bg5 39. e6 1-0

[Event "Mechanics' Spring TNM; 30/90, SD/30"]
[Site "San Francisco"]
[Date "2012.04.17"]
[Round "6.1"]
[White "Fuentes, Romulo"]
[Black "Grey, Peter"]
[Result "1/2-1/2"]
[WhiteElo "2205"]
[BlackElo "2013"]
[PlyCount "47"]
[EventDate "2012.??.??"]

1. Nf3 Nf6 2. d4 g6 3. Nc3 d5 4. Bf4 Bg7 5. Qd2 c6 6. Bh6 O-O 7. h4 Bxh6 8.
Qxh6 Ng4 9. Qd2 h5 10. e3 Nd7 11. O-O-O e5 12. Ng5 exd4 13. exd4 Qf6 14. f3 Nh6
15. Nge4 Qg7 16. Nd6 Nf6 17. Be2 Nf5 18. Nxc8 Raxc8 19. g4 Ng3 20. g5 Ne8 21.
Rh3 Nf5 22. f4 Ned6 23. b3 Rfe8 24. Bf3 1/2-1/2

[Event "Mechanics' Fall TNM; 30/90, SD/30"]
[Site "San Francisco"]
[Date "2012.11.20"]
[Round "6.2"]
[White "Fuentes, Romulo"]
[Black "Jones, James"]
[Result "1-0"]
[WhiteElo "2217"]
[BlackElo "2042"]
[Annotator "Donaldson"]
[PlyCount "53"]
[EventDate "2012.??.??"]

1. e4 c5 2. Nf3 d6 3. d4 cxd4 4. Nxd4 Nf6 5. Nc3 a6 6. Bg5 e6 7. f4 Nbd7 8. Qf3
Be7 9. O-O-O Qc7 10. Be2 b5 11. Bxf6 Nxf6 12. e5 Bb7 13. exf6 Bxf3 14. Bxf3
gxf6 $2 (14... Rc8 15. Bc6+ (15. fxe7 Qxe7 (15... d5) (15... b4) 16. Nf5) 15...
Kf8 16. fxe7+ Kxe7 17. Rhe1 Kf8 18. Rxe6 {
and 1-0 shortly Fuentes-Byambaa, Carroll Capps Memorial 2012.}) 15. Bxa8 d5 16.
Bxd5 O-O $2 (16... b4) 17. Bxe6 $1 Qxf4+ 18. Kb1 Bc5 19. Nd5 Qe5 20. Rhe1 Qg5
21. h4 Qxh4 22. Re4 Qh6 23. Nf5 Qh2 24. Nxf6+ Kh8 25. Rh4 Qxh4 26. Nxh4 fxe6
27. Ne4 1-0

[Event "Mechanics' Spring TNM; 30/90, SD/30"]
[Site "San Francisco"]
[Date "2012.03.13"]
[Round "1.3"]
[White "Fuentes, Romulo"]
[Black "LaCounte, Brendan"]
[Result "1-0"]
[WhiteElo "2205"]
[BlackElo "1772"]
[PlyCount "61"]
[EventDate "2012.??.??"]

1. e4 e6 2. d4 d5 3. e5 c5 4. c3 Nc6 5. Nf3 Qb6 6. a3 cxd4 7. cxd4 Nge7 8. Nc3
Bd7 9. Na4 Qc7 10. Bd3 Na5 11. O-O Nc4 12. Nc5 Ng6 13. Nxd7 Qxd7 14. Qe2 Rc8
15. b3 Na5 16. Bd2 Nc6 17. b4 Be7 18. b5 Nb8 19. h4 Bxh4 20. Nxh4 Nxh4 21. Bb4
Ng6 22. Qg4 Qd8 23. Rac1 Kd7 24. Rxc8 Qxc8 25. f4 h5 26. Qg5 Qd8 27. Bxg6 fxg6
28. Qxg6 Qg8 29. f5 exf5 30. Qd6+ Kc8 31. Rc1+ 1-0

[Event "Mechanics' Winter TNM; 30/90, SD/30"]
[Site "San Francisco"]
[Date "2012.01.24"]
[Round "4.4"]
[White "Fuentes, Romulo"]
[Black "Lin, Michael"]
[Result "1/2-1/2"]
[WhiteElo "2211"]
[BlackElo "2056"]
[PlyCount "92"]
[EventDate "2012.??.??"]

1. e4 c5 2. Nf3 d6 3. d4 cxd4 4. Qxd4 Bd7 5. Be3 Nc6 6. Qd2 Nf6 7. Nc3 a6 8.
Be2 Rc8 9. O-O h6 10. h3 e5 11. Nh2 Be7 12. f4 b5 13. a3 O-O 14. f5 Na5 15. Ng4
Nxg4 16. hxg4 Bc6 17. Rf3 Bg5 18. Rd1 Nb7 19. Rdf1 Bxe3+ 20. Rxe3 f6 21. Nd5
Rf7 22. c4 Bxd5 23. Qxd5 Qb6 24. Rff3 Rc5 25. Qe6 Nd8 26. Qe8+ Rf8 27. Qg6 Nf7
28. cxb5 axb5 29. Kh2 Rc1 30. Rh3 Nh8 31. Qh5 Rb1 32. b3 Qc5 33. g5 Qc1 34. Qf3
fxg5 35. Qf2 Rb2 36. Qf1 Qxf1 37. Bxf1 Rb8 38. a4 b4 39. Bc4+ Kf8 40. f6 Ng6
41. fxg7+ Kxg7 42. a5 g4 43. Rhg3 h5 44. Re2 Rxe2 45. Bxe2 Nf4 46. Bc4 Kf6 {
Both players had less than five minutes at this point, until the game petered
to a draw after the 50 move rule.} 1/2-1/2

[Event "Mechanics' Mar TNM; 30/90, SD/30"]
[Site "San Francisco"]
[Date "2012.08.21"]
[Round "4.2"]
[White "Fuentes, Romulo"]
[Black "Lin, Michael"]
[Result "1-0"]
[WhiteElo "2205"]
[BlackElo "2054"]
[PlyCount "67"]
[EventDate "2012.??.??"]

1. e4 c5 2. Nf3 d6 3. d4 cxd4 4. Nxd4 Nf6 5. Nc3 g6 6. Be3 Bg7 7. f3 O-O 8. Qd2
Nc6 9. Bc4 Bd7 10. O-O-O Rc8 11. Bb3 Ne5 12. h4 h5 13. Bh6 Nc4 14. Bxc4 Rxc4
15. Bxg7 Kxg7 16. g4 hxg4 17. h5 Rh8 18. hxg6 fxg6 19. Qd3 Rc5 20. f4 Qc8 21.
Rxh8 Qxh8 22. e5 dxe5 23. Nb3 Bf5 24. Qe3 Rxc3 25. bxc3 exf4 26. Qxe7+ Kh6 27.
Rh1+ Nh5 28. Nd4 Qc8 29. Qe5 Kg5 30. Qe7+ Nf6 31. Re1 Qd7 32. Qe5 Nd5 33. Nf3+
gxf3 34. Rg1+ 1-0

[Event "Mechanics' Fall TNM; 30/90, SD/30"]
[Site "San Francisco"]
[Date "2012.10.16"]
[Round "1.3"]
[White "Fuentes, Romulo"]
[Black "Rood, Ben"]
[Result "1-0"]
[WhiteElo "2217"]
[BlackElo "1700"]
[PlyCount "61"]
[EventDate "2012.??.??"]

1. e4 e5 2. Nf3 Nc6 3. d4 exd4 4. Bc4 d6 5. Nxd4 Ne5 6. Be2 Nf6 7. Nc3 c5 8.
Nb3 a6 9. f4 Ng6 10. a4 Be7 11. O-O O-O 12. Kh1 b6 13. Bf3 Bb7 14. Qe1 Re8 15.
Be3 Bf8 16. Nd2 d5 17. e5 Nxe5 18. fxe5 Rxe5 19. Qf2 d4 20. Bf4 dxc3 21. Bxe5
cxd2 22. Bxb7 Ra7 23. Bxf6 Qd7 24. Be4 gxf6 25. Rad1 Qe6 26. Bf5 Qe5 27. Rxd2
Bd6 28. Qh4 Rc7 29. Qh6 Qxf5 30. Rxf5 Re7 31. Rf1 1-0

[Event "Mechanics' Fall TNM; 30/90, SD/30"]
[Site "San Francisco"]
[Date "2012.11.13"]
[Round "5.1"]
[White "Fuentes, Romulo"]
[Black "Rumph, Todd"]
[Result "0-1"]
[WhiteElo "2217"]
[BlackElo "2188"]
[PlyCount "92"]
[EventDate "2012.??.??"]

1. e4 e5 2. Nf3 Nc6 3. d4 exd4 4. Bc4 Nf6 5. e5 d5 6. Bb5 Ne4 7. Nxd4 Bd7 8.
Bxc6 bxc6 9. O-O Bc5 10. f3 Ng5 11. f4 Bg4 12. Qd3 Bf5 13. Qe3 Ne4 14. c3 O-O
15. Nd2 Qe7 16. Kh1 Qd7 17. Nxe4 Bxe4 18. Qg3 Bxd4 19. cxd4 f5 20. b3 Rfe8 21.
Rf2 Re6 22. Ba3 Qd8 23. Rc1 Rg6 24. Qe3 Qh4 25. Rc3 Re8 26. Bc5 Ree6 27. Kg1
Rg4 28. h3 Rh6 29. Kf1 g5 30. hxg4 Qxg4 31. Rf3 Rh1+ 32. Kf2 Qh4+ 33. Rg3 Kf7
34. fxg5 f4 35. Qxf4+ Qxf4+ 36. Rcf3 Bxf3 37. Rxf3 Qxf3+ 38. gxf3 Rh2+ 39. Kg3
Rxa2 40. f4 Ke6 41. Kg4 Rg2+ 42. Kf3 Rg1 43. Bxa7 Kf5 44. Bb8 Rg4 45. Bxc7
Rxf4+ 46. Ke3 Re4+ 0-1

[Event "Mechanics' Winter TNM; 30/90, SD/30"]
[Site "San Francisco"]
[Date "2012.02.21"]
[Round "8.3"]
[White "Fuentes, Romulo"]
[Black "Traub, Igor"]
[Result "1-0"]
[WhiteElo "2211"]
[BlackElo "2126"]
[PlyCount "73"]
[EventDate "2012.??.??"]

1. e4 e6 2. d4 d5 3. e5 c5 4. c3 Nc6 5. Nf3 Be7 6. dxc5 Bxc5 7. Bd3 a6 8. O-O
Nge7 9. Nbd2 Ng6 10. Nb3 Ba7 11. Re1 Qc7 12. Qe2 Bb8 13. Bxg6 hxg6 14. Nbd4 Bd7
15. Bg5 Rh5 16. h4 Ba7 17. b4 Rc8 18. Rac1 b5 19. a4 Qb7 20. axb5 Nxd4 21. cxd4
Bxb5 22. Rxc8+ Qxc8 23. Qa2 Kd7 24. Rc1 Qb7 25. Qd2 Bc4 26. Qc3 Rh8 27. Nd2 Rc8
28. Qf3 f6 29. Rxc4 Rxc4 30. Nxc4 Qxb4 31. exf6 gxf6 32. Qxf6 Qe1+ 33. Kh2 dxc4
34. Qe7+ Kc6 35. Qxa7 c3 36. Qxa6+ Kd5 37. Be3 1-0